Statistiche per Vittorie Scuderie di Formula 1

Clicka qui per fare il quiz!

Statistiche generali

  • Questo quiz è stato fatto 812 volte
  • Il punteggio medio è 13 su 34

Statistiche sulle risposte

HintRisposta% Corretto
228Ferrari
100%
75Mercedes
98%
182McLaren
95%
55Red Bull
94%
114Williams
89%
10Alfa Romeo
83%
-Renault
82%
-Toro Rosso
69%
81Lotus
68%
27Benetton
55%
35Brabham
48%
8Brawn
42%
-Honda
36%
-Maserati
35%
4Jordan
32%
23Tyrrell
28%
16Cooper
23%
1Porsche
20%
17BRM
18%
-Ligier
17%
-Matra
15%
-Stewart
15%
-BMW Sauber
14%
9Vanwall
14%
-Hesketh
9%
-March
8%
3Wolf
8%
-Eagle
7%
-Penske
6%
-Shadow
6%
5Kurtis Kraft
5%
-Kuzma
5%
-Watson
5%
2Epperly
4%

Distribuzione punteggi

Percentile per numero di risposta

Percentuale di utenti per punteggio

I tuoi punteggi nel tempo

Non hai fatto questo quiz